[Event "Beijing FIDE GP"]
[Site "Beijing"]
[Date "2013.07.04"]
[Round "1"]
[White "Kamsky, Gata"]
[Black "Grischuk, Alexander"]
[Result "0-1"]
[WhiteElo "2763"]
[BlackElo "2780"]
[Annotator "Szabo,Kr"]
[PlyCount "77"]
[EventDate "2013.07.04"]
[EventType "tourn"]
[EventRounds "11"]
[EventCountry "CHN"]
[EventCategory "21"]
[SourceTitle "CBM 156"]
[Source "ChessBase"]
[SourceDate "2013.09.17"]
[SourceVersion "1"]
[SourceVersionDate "2013.09.17"]
[SourceQuality "1"]

1. e4 c5 2. Nf3 Nc6 3. Bb5 e6 4. O-O Nge7 5. Ba4 {A rare move. It's idea will
be clear after the next move.} (5. c3) ({and} 5. Re1 {are the main lines.})
5... a6 6. c4 Ng6 7. d4 cxd4 8. Nxd4 Qc7 $146 {A very logical novelty.
Grischuk doesn't hurry with the development of his f8 B.} (8... Be7 9. Nc3 O-O
10. Be3 Nce5 11. Bb3 d6 12. f4 Nc6 13. Nxc6 bxc6 14. Qh5 Qc7 (14... f5 $6 15.
Rad1 $36 {Vezzosi-I.Nemet, Forli 1993}) (14... c5 15. Rad1 Qc7 16. Rf3 $40) 15.
Rad1 $14) 9. Be3 Bd6 {A typical move in the Paulsen line.} 10. g3 $5 {Kamsky
sacrifices a P. He hopes for nice development at the expense of the c4
"poisoned" P.} (10. Nxc6 bxc6 11. g3 O-O {was another possibility.}) 10... Nxd4
11. Qxd4 ({In the event of} 11. Bxd4 O-O 12. Nd2 Bc5 ({or} 12... Be5 {Black
has good play on the dark squares.})) 11... Be5 12. Qd2 Qxc4 {Grischuk takes
up the gauntlet.} 13. Bc2 Qc7 $1 {The good move. Now Black theatens with Bxb2.}
(13... Bxb2 $2 {loses by} 14. Bd3 $1 $18) (13... O-O 14. f4 Bxb2 $2 {also
doesn't work in view of} 15. Bd3 $18) 14. Bb3 O-O 15. f4 Bf6 16. e5 {White has
gained some space, he has a good compensation for the P.} Be7 17. Nc3 b5 18.
Rac1 Qb8 19. Ne4 Bb7 20. Nd6 (20. Nc5 $5 {was also possible} Bxc5 21. Bxc5 Rc8
$13 {with a double-edged fight.}) 20... Bxd6 21. exd6 Rc8 22. h4 h6 {Prepares
for h5.} 23. Rxc8+ (23. h5 $6 {is dubious, as} Nf8 {followed by Nh7-f6.}) 23...
Qxc8 24. Rc1 Bc6 {Otherwise Rc7 can be unpleasant.} 25. Rc5 {Now White
threatens with f5.} Qe8 26. Bd4 (26. f5 $2 {is bad, because of} exf5 27. Rxf5
Qe4 $1 {This is the point of 25...Qe8!} 28. Bxf7+ Kh7 29. Bxg6+ Kxg6 $19 {
and White's position is hopeless.}) 26... a5 27. a3 Qb8 28. Be3 Qe8 29. Qd4 (
29. Bd4 {is repetition of moves.}) 29... Nf8 30. Bd2 {Prepares for Bc3.} (30.
f5 exf5 31. Rxf5 Ne6 {and suddenly the N becomes very active.}) 30... Nh7 {
And only now} 31. f5 (31. Bc3 {is too slow, because} Nf6 32. g4 $2 b4 $1 $19)
31... Bd5 $5 {An interesting sacrifice to open the e-file.} (31... a4 32. Bc2
Rc8 $13) 32. Bc2 {Kamsky doesn't capture the P.} (32. Bxd5 exd5 33. Qxd5 (33.
Bc3 Nf6) 33... Nf6 34. Qe5 Ne4 35. Bc3 Qxe5 36. Rxe5 Nxc3 37. bxc3 Ra6 38. Rxb5
Rxd6 39. Rxa5 Kf8 $11 {Black will gain back the P. The R endgame is completely
draw.}) 32... b4 33. g4 $6 {An ambitious move, but it leaves some weaknesses
on the kingside.} (33. fxe6 {leads to a draw by} fxe6 34. Bxh6 gxh6 35. Qg4+
Kh8 36. Qd4+ $11 {with perpetual checks.}) 33... Qd8 $1 34. fxe6 $2 {A real
mistake. The exchange of f5 and d7 P only helps for Black.} ({White should
keep the tension with} 34. Be1 Rc8 35. axb4 axb4 36. Qxb4 Rxc5 37. Qxc5 {
nearly equal position.}) 34... dxe6 35. g5 hxg5 36. hxg5 $2 {Loses immediately,
but it was already difficult for White.} ({The cool-blooded computer move} 36.
Qe5 {gave the best chances} Nf6 37. hxg5 Ng4 38. Qd4 Qxd6 39. Bf4 Qd8 40. Bd1
Bb7 41. Qxd8+ Rxd8 42. Bxg4 Rd4 $15) 36... Qxd6 $6 {An inaccuracy.} ({The
simple} 36... Nxg5 $1 $19 {wins immediately.}) 37. Bf4 Qa6 $2 {Another mistake,
probably in time trouble.} ({The pretty} 37... Nxg5 $1 {was the strongest reply
} 38. Qxg7+ (38. Bxg5 $2 Qg3+ $19) 38... Kxg7 39. Bxd6 Ra6 40. Be5+ f6 41. Rc7+
Nf7 $17 {and Black is better.}) 38. Kf2 (38. Bd3 $142 Qa7 39. Rc8+ Nf8 40. Qxa7
Rxa7 41. Bd6 Ra8 42. Rxa8 Bxa8 43. axb4 axb4 44. Bxb4 $11 {with a drawish
endgame.}) 38... Rc8 (38... Nf8 $5 {was another interesting option.}) 39. axb4
{And here Kamsky lost on time, however White is very near to equalising.} (39.
axb4 axb4 40. Qd3 Rxc5 41. Qxa6 Rxc2+ 42. Ke3 b3 43. Qb5 {and White can hold
his position.}) 0-1

[Event "Beijing FIDE GP"]
[Site "Beijing"]
[Date "2013.07.06"]
[Round "3"]
[White "Kamsky, Gata"]
[Black "Topalov, Veselin"]
[Result "1/2-1/2"]
[WhiteElo "2763"]
[BlackElo "2767"]
[Annotator "Krasenkow,M"]
[PlyCount "150"]
[EventDate "2013.07.04"]
[EventType "tourn"]
[EventRounds "11"]
[EventCountry "CHN"]
[EventCategory "21"]
[SourceTitle "CBM 156"]
[Source "ChessBase"]
[SourceDate "2013.09.17"]
[SourceVersion "1"]
[SourceVersionDate "2013.09.17"]
[SourceQuality "1"]

1. d4 Nf6 2. Nf3 d5 3. c4 e6 4. Nc3 Be7 5. g3 O-O 6. Bg2 dxc4 7. O-O Nc6 8. Bg5
{A rare and harmless continuation. Usually White keeps this bishop playing} (8.
e4) ({or} 8. e3) {8.Bg5 is common when Black's bishop is on b4 instead of e7.}
8... a6 {This move is rather unnecessary.} (8... h6 $5 {leads to easy equality:
} 9. Bxf6 Bxf6 10. e3 e5 11. d5 Nb4 12. Nd2 c6 13. dxc6 bxc6 14. Nxc4 Ba6 15.
Qg4 Nd3 16. Rfd1 Bxc4 17. Qxc4 Nxb2 18. Rxd8 Nxc4 19. Rxa8 Rxa8 $11 {0-1 (44)
Petursson,M (2560)-Zarnicki,P (2470) Oviedo 1993}) (8... Rb8 {is more
ambitious:} 9. Qa4 $5 (9. a4 Na5 10. e3 Nd5 11. Bxe7 Qxe7 12. Nd2 Nxc3 13. bxc3
b6 14. e4 Bb7 15. Qc2 c5 $17 {0-1 (52) Matnadze,A (2415)-Zhukova,N (2425)
Antalya 2002}) (9. e3 b5 10. h4 Nb4 11. Qe2 Bb7 12. Rfd1 Ne4 13. Bxe7 Qxe7 14.
Ne5 $17 {1/2 (14) Gonzalez Vidal,Y (2522)-Tarrago Antoni,M (2258) Barbera del
Valles 2010}) {but Black is fine after} 9... b5 10. Nxb5 Bd7 11. Nc3 Nxd4 12.
Qxc4 Nxf3+ 13. Bxf3 Rxb2) 9. e3 Rb8 10. Nd2 e5 (10... Na5 $142 11. Qe2 Nd5 12.
Bxe7 Nxc3 13. bxc3 Qxe7 14. Nxc4 Nxc4 15. Qxc4 e5 16. Rab1 b6 17. Rfd1 a5 18.
Qb5 e4 19. c4 Bd7 20. Qd5 Rfe8 $11 {0-1 (46) Meszaros,T (2448)-Kovacs,G (2493)
Hungary 2011}) 11. Bxf6 Bxf6 12. d5 Na5 13. b4 $1 cxb3 14. axb3 b6 15. b4 Nb7
16. Rxa6 $14 {White has recaptured the pawn and keeps a small edge, due to the
weakness of the light squares in Black's camp.} Be7 17. Qb1 Nd6 18. Ra7 Bd7 19.
Nf3 f6 20. Qb3 Kh8 (20... Ra8 $142 {M.Golubev}) 21. Rfa1 Rc8 22. h4 Qe8 23. Rc1
$6 {Not the best plan.} (23. Bf1 $5 $14) 23... Qh5 24. Nb1 $6 Nb5 $11 {[%csl
Gb5]} 25. Ra6 Bd6 (25... e4 $5 26. Nfd2 f5 $132) (25... Qg4 $5 26. Rc4 Qg6) 26.
Nbd2 Ra8 27. Raa1 Rxa1 28. Rxa1 Qf7 29. Nc4 Be7 30. Nfd2 Rd8 (30... Rc8 $142 {
The c-file can open up in the immediate future.}) 31. Ne4 Qf8 $6 {Black
underestimates the following pawn sacrifice.} (31... Rc8 $142) 32. d6 $1 {
[%mdl 512]} Nxd6 33. Nexd6 Bxd6 34. Nxd6 cxd6 (34... Qxd6 $2 35. Rd1 Qe7 36.
Qd5 {[%cal Gd1d8,Gd5d8]}) 35. Ra7 {White's pieces are now extremely active;
still, Veselin Topalov holds his ground after all.} f5 36. Bd5 f4 $132 37. exf4
exf4 38. Qf3 Qf5 39. Be4 Qf6 40. Qxf4 Qxf4 41. gxf4 {[%mdl 4096]} g6 42. Bd5
Bf5 43. Rb7 Re8 44. Rxb6 Re1+ 45. Kg2 Be4+ 46. Bxe4 Rxe4 {White can't make use
of his kingside pawn advantage, due to his double f-pawns.} 47. Kf3 d5 48. Rb7
h5 49. b5 Rb4 50. Ke3 Kg8 51. b6 Kf8 52. Kd3 d4 53. Ke4 Ke8 54. Kd3 (54. f3 Kf8
55. f5 gxf5+ 56. Kxf5 d3 57. Rd7 Rxb6 58. Rxd3 Kg7 $11) 54... Kf8 55. Rb8+ Kg7
56. b7 Kh7 57. Ke4 Kg7 58. f3 Kh7 59. Kd5 {This attempt proves vain, too.} d3
$1 60. Kc6 d2 61. Rd8 Rc4+ $1 62. Kb6 (62. Kb5 Rc2 $1) 62... Rb4+ 63. Ka6 Ra4+
64. Kb5 Ra2 65. Rd7+ Kh6 66. Rd4 Rb2+ 67. Kc6 Rc2+ 68. Kd6 Rb2 69. f5 Rxb7 70.
Rxd2 g5 71. Kc6 Rf7 72. Rd6+ Kh7 73. hxg5 Rxf5 74. Rh6+ Kg7 75. Rxh5 Rxf3
1/2-1/2

[Event "Beijing FIDE GP"]
[Site "Beijing"]
[Date "2013.07.07"]
[Round "4"]
[White "Wang, Yue"]
[Black "Kamsky, Gata"]
[Result "1-0"]
[WhiteElo "2705"]
[BlackElo "2763"]
[PlyCount "161"]
[EventDate "2013.07.04"]
[EventType "tourn"]
[EventRounds "11"]
[EventCountry "CHN"]
[EventCategory "21"]
[SourceTitle "CBM 156"]
[Source "ChessBase"]
[SourceDate "2013.09.17"]
[SourceVersion "1"]
[SourceVersionDate "2013.09.17"]
[SourceQuality "1"]

1. c4 c5 2. Nc3 Nc6 3. Nf3 g6 4. e3 Bg7 5. d4 d6 6. Be2 e6 7. O-O Nf6 8. b3 O-O
9. Bb2 b6 10. Qd2 Bb7 11. d5 exd5 12. cxd5 Nb4 13. e4 Re8 14. a3 Na6 15. Bd3
Nc7 16. Rfe1 Qd7 17. Rad1 Ng4 18. a4 a6 19. Nb1 f6 20. Na3 b5 21. h3 Nh6 22.
Bxf6 Bxf6 23. Qxh6 Bb2 24. Nc2 Rf8 25. Ne3 Qg7 26. Qg5 Rad8 27. axb5 Nxb5 28.
Nc4 Bc3 29. Re3 h6 30. Qg3 g5 31. Bf1 Bf6 32. Na5 Nd4 33. Nc6 Bxc6 34. dxc6
Nxc6 35. Bc4+ Kh7 36. Rxd6 Be5 37. Nxe5 Rxd6 38. Nxc6 Qa1+ 39. Kh2 Rxc6 40. e5
Qd4 41. Rd3 Qf4 42. Rd7+ Kh8 43. e6 Qxg3+ 44. Kxg3 Re8 45. Kg4 Rcxe6 46. Bxe6
Rxe6 47. Kh5 Rc6 48. g3 Kg8 49. Re7 Kf8 50. Rh7 Rf6 51. g4 a5 52. Rb7 Ke8 53.
Rb5 Rxf2 54. Kxh6 Rf3 55. Kxg5 Rxh3 56. Kg6 Rc3 57. g5 Kd7 58. Kf5 Kc6 59. Rb8
a4 60. bxa4 Rf3+ 61. Ke6 Re3+ 62. Kf6 Rf3+ 63. Kg7 c4 64. g6 Kc5 65. a5 Kd4 66.
Rc8 Ra3 67. Kf6 Rf3+ 68. Ke6 Rg3 69. Kf5 Rf3+ 70. Kg4 Rf1 71. a6 Ra1 72. Kf3
Ra3+ 73. Ke2 Re3+ 74. Kd2 Re7 75. Rd8+ Kc5 76. Rg8 Kb4 77. g7 Ka5 78. Kc3 Rc7
79. a7 Rxa7 80. Kxc4 Ka6 81. Kd5 1-0

[Event "Beijing FIDE GP"]
[Site "Beijing"]
[Date "2013.07.09"]
[Round "5"]
[White "Kamsky, Gata"]
[Black "Giri, Anish"]
[Result "0-1"]
[WhiteElo "2763"]
[BlackElo "2734"]
[Annotator "Ftacnik,L"]
[PlyCount "86"]
[EventDate "2013.07.04"]
[EventType "tourn"]
[EventRounds "11"]
[EventCountry "CHN"]
[EventCategory "21"]
[SourceTitle "CBM 156"]
[Source "ChessBase"]
[SourceDate "2013.09.17"]
[SourceVersion "1"]
[SourceVersionDate "2013.09.17"]
[SourceQuality "1"]

1. e4 c5 2. Nf3 d6 3. Bb5+ Bd7 4. Bxd7+ Qxd7 5. c4 {White's grand strategy is
built on solid ground. After the exchange of lightsquared bishops it is ideal
to put the pawns on squares of the opposite colour to that of the hero on c1.}
Nf6 6. Nc3 g6 7. d4 cxd4 8. Nxd4 Bg7 9. f3 O-O 10. Be3 {Kamsky is pursuing the
Maroczy setup without the burden of the light-squared bishop even though it
costs him a lot of time. Giri has the right to use the relative development
advantage for the active counterplay.} Rc8 11. b3 a6 12. Rc1 Nc6 13. a4 {
The real fight for the well prepared grandmasters begins only now. White would
sorely need the tempo for castling, but the threat of counterplay with the
advance b7-b5 was too unpleasant.} (13. Nde2 Qd8 14. Qd2 Qa5 15. Na4 Qxd2+ 16.
Kxd2 Nd7 17. Nec3 e6 18. Rhd1 Kf8 19. Ke2 Ke7 20. c5 dxc5 21. Nxc5 Nd4+ 22.
Bxd4 Bxd4 23. Nxd7 Rxc3 24. Rxc3 Bxc3 $11 {1/2 (44) Macieja,B (2606)-Sasikiran,
K (2661) Khanty-Mansiysk 2007}) (13. Nxc6 Rxc6 14. a4 e6 15. O-O Qd8 16. Kh1
Qa5 17. Bd2 Qc7 18. Qe2 Nd7 19. Rfd1 Qd8 20. Be1 $11 {1-0 (59) Al Modiahki,M 
(2559)-Obodchuk,A (2434) Dresden 2008}) 13... e6 (13... Qd8 14. Nde2 Nb4 15.
O-O Nd7 16. Qd2 Nc5 17. Rb1 b6 18. Rfd1 Nc6 19. Bf2 Na5 20. Qa2 {1/2 (43)
Olsarova,K (2209)-Osmanodja,F (2061) Pardubice 2010} Nc6 $11) 14. O-O d5 {
[%mdl 4] Black has prepared quite carefully for the theoretical discussion. He
thus enters the fight thanks to the immediate counterplay in the centre.} 15.
Nxc6 (15. exd5 exd5 16. Nxc6 (16. c5 Re8 17. Bf2 Rad8 18. Nce2 Nh5 19. Qd2 Be5
20. Rfe1 Bc7 21. b4 Nxd4 22. Bxd4 Qxa4 23. g4 Ng7 24. Bf6 $14 {1-0 (29) Baklan,
V-Zayabaatar,H Duisburg 1992}) 16... bxc6 17. cxd5 cxd5 18. Bd4 Rd8 19. Qd3 Qb7
20. Ne2 Ne8 21. Rc3 Nc7 22. Bxg7 Kxg7 23. Nd4 $14 {1/2 (30) Ni Hua (2625)
-Areshchenko,A (2570) Moscow 2005}) (15. cxd5 exd5 16. Nxc6 bxc6 17. e5 Ne8 18.
f4 f6 19. Bc5 fxe5 20. fxe5 Nc7 21. Ne4 Bxe5 22. Ng5 Re8 $11 {0-1 (27) Bojkov,
D (2523)-Gaponenko,I (2422) Reykjavik 2008}) 15... bxc6 16. a5 {If Kamsky has
located his pawns on the squares of the right colour, we have to admitthat the
same feat has been achieved by his opponent. If chess logic still applies the
position should be about equal, but it does not mean the end of the fighting.}
(16. e5 Ne8 17. f4 f6 (17... Qb7 18. Bc5 Rab8 19. Rb1 Bf8 $11) 18. a5 Rab8 19.
Na4 Qe7 20. Bc5 Qf7 21. Qd3 Qb7 22. Qh3 f5 23. Rc3 $16 {1/2 (35) Meier,G (2558)
-Wojtaszek,R (2599) Germany 2009}) 16... Qe7 17. Na4 $6 {The player opening
the game is usually hoping to nurture some ambition in the opening. It can
even lead to some delusion, when he loses objectivity and finds himself in
trouble.} (17. exd5 cxd5 18. Na4 Rc6 19. Qe2 Rd8 20. Bb6 Rdc8 $11) 17... dxe4
18. Nb6 (18. Bc5 $5 Qe8 19. Nb6 (19. Qe2 Rab8 20. Nb6 exf3 21. Rxf3 Nd7 22.
Nxc8 Nxc5 23. Nb6 Bd4+ 24. Kh1 e5 25. Rcf1 f5 $13) 19... Rd8 20. Qe2 Nd7 (20...
exf3 21. Rxf3 Rab8 22. Rcf1 Nd7 23. Bd6 $14) 21. Be3 exf3 22. Rxf3 Rab8 $15)
18... Rd8 19. Qe2 (19. Qc2 Rab8 20. fxe4 Ng4 21. Bf4 Bd4+ 22. Kh1 e5 $19) 19...
Rab8 20. Kh1 {If we try to understand the language of the pieces we will
quickly realise, that White has become frustrated with his own solution. Not a
single active continuation seems to promise sufficient compensation for the
sacrificed pawn.} (20. fxe4 Nxe4 21. Bf4 Nc3 22. Qf3 e5 23. Qe3 e4 24. Rxc3 Bd4
25. Qxd4 Rxd4 26. Bxb8 Rd3 $17) (20. Bf4 e5 21. Bg5 Qc5+ 22. Kh1 Qxa5 $17)
20... exf3 21. Rxf3 (21. Qxf3 Rd3 22. Qe2 Rxb3 23. Bg5 h6 24. Qd1 R3xb6 25.
Bxf6 Bxf6 26. axb6 Rxb6 $15) 21... Ng4 $1 {Giri is exploiting the moment for
the start of active operations in the centre.} 22. Bg1 (22. Bf4 e5 23. c5 Rb7
24. Bg3 e4 25. Rff1 f5 $17) 22... Ne5 23. Rff1 (23. Rg3 Qa3 24. Rb1 Qb4 25. h3
h5 $17) 23... c5 24. b4 {Kamsky was now fully aware, that his concept has
failed. He is trying to complicate matters by means of creating an advanced
passed pawn on the c-file.} (24. Na4 Rxb3 25. Nxc5 Rbb8 26. Nxa6 Ra8 27. c5 Qb7
$17) 24... cxb4 25. c5 Qb7 (25... Nd3 26. Rc4 (26. Rcd1 Nxc5 27. Qc4 Rxd1 28.
Rxd1 Bf8 $19) 26... b3 27. c6 Qc7 $19) 26. Rfd1 (26. h3 Nc6 27. Nc4 Nd4 28. Qe1
Nf5 29. Bh2 Bc3 $19) 26... Nc6 {The knight has found the ideal blockading
square, from which it can attack the weak a5-pawn as well as dream about
active operations of the other side of the board.} 27. Qf3 (27. Rb1 Rxd1 28.
Rxd1 Rd8 $19) 27... Qc7 28. h3 (28. Qe2 Nxa5 29. Rb1 Nb7 30. Rxd8+ Rxd8 31.
Rxb4 Nxc5 32. Qc2 Bf8 $19) 28... Be5 29. Qb3 (29. Rf1 Nd4 30. Bxd4 Bxd4 31. Rc4
Bc3 32. c6 f5 $19) 29... Rxd1 30. Rxd1 Rd8 31. Rf1 Nd4 $1 {White has avoided
the exchange of the rooks, but it does not amount to solving the problems of
the fight while two pawns down. Black's knight would love to land on f5 in
order to shorten the opponent's resistance.} (31... Bc3 32. Bh2 Qb7 33. Qa4 Na7
34. Rd1 Rxd1+ 35. Qxd1 Nc6 $19) 32. Qxb4 (32. Bxd4 Rxd4 33. Qf3 Kg7 $19) 32...
Nf5 33. Rb1 {Kamsky is trying to fight even in a very difficult position and
for that he has to avoid clearly lost lines.} (33. Bf2 Bd4 34. Kg1 Bxf2+ 35.
Rxf2 Ng3 $19) 33... Ng3+ 34. Kh2 Bd4 $5 {Giri breaks the defence of the enemy
with the help of the witty exchange of the g1-bishop. Apart from the mating
threats also the pawn on c5 will lose its natural supporter.} (34... Rd3 $5 35.
Qc4 Nf5+ 36. Kh1 Qd8 37. c6 Rd1 $19) 35. Bxd4 Rxd4 36. Qe1 (36. Qxd4 Nf5+ 37.
Qd6 Nxd6 38. cxd6 Qxd6+ 39. Kh1 Qc5 $19) 36... Ne4+ {The young Dutch star is
playing for safety. It was certainly enticing to think also about the tactical
solution with the sacrifice of the knight on f1.} (36... Nf1+ $5 37. Kg1 Qh2+
38. Kxf1 Rf4+ 39. Ke2 Qxg2+ 40. Kd1 Rf1 $19) 37. Kh1 Qxc5 38. Rc1 (38. Nd7 Nf2+
39. Qxf2 Rd1+ 40. Rxd1 Qxf2 $19) 38... Qg5 (38... Nf2+ 39. Kg1 Nxh3+ 40. Kh2 (
40. gxh3 Rc4+ $19) 40... Qh5 41. gxh3 Rd3 $19) 39. Kg1 {The final part of the
game gives the the impression of play in time trouble. White is facing the
absence of any sensible ideas apart from the admission of defeat.} (39. Rc8+
Kg7 40. Rc2 Qe5 41. Kg1 Rd3 $19) 39... Kg7 40. Nc4 h5 41. Ne3 (41. Qe3 Qxe3+
42. Nxe3 Ra4 $19) 41... Rd3 42. Nf1 Nd2 43. Kh1 (43. Qe2 Qd5 $19) 43... Rxh3+
$1 {The final combination, hoping to shorten the enemy's suffering. After the
misplayed transposition to the middlegame nothing went right for the first
player.} (43... Rxh3+ $1 44. gxh3 Qd5+ 45. Kg1 Nf3+ $19) 0-1

[Event "Beijing FIDE GP"]
[Site "Beijing"]
[Date "2013.07.11"]
[Round "7"]
[White "Kamsky, Gata"]
[Black "Gelfand, Boris"]
[Result "1/2-1/2"]
[WhiteElo "2763"]
[BlackElo "2773"]
[PlyCount "100"]
[EventDate "2013.07.04"]
[EventType "tourn"]
[EventRounds "11"]
[EventCountry "CHN"]
[EventCategory "21"]
[SourceTitle "CBM 156"]
[Source "ChessBase"]
[SourceDate "2013.09.17"]
[SourceVersion "1"]
[SourceVersionDate "2013.09.17"]
[SourceQuality "1"]

1. d4 Nf6 2. Nf3 g6 3. c4 Bg7 4. Nc3 d5 5. e3 O-O 6. b4 c6 7. Bb2 Bg4 8. h3
Bxf3 9. gxf3 Nbd7 10. f4 a5 11. b5 a4 12. Rc1 Qa5 13. Qd2 dxc4 14. bxc6 bxc6
15. Bxc4 c5 16. Nb5 Qxd2+ 17. Kxd2 Rab8 18. Ba1 Ne4+ 19. Ke2 Nd6 20. Nxd6 exd6
21. Rhd1 Rfc8 22. a3 Rb6 23. Bd5 Kf8 24. Rc4 Rbb8 25. Be4 Nb6 26. Rc2 d5 27.
Bf3 cxd4 28. Rxc8+ Rxc8 29. Bxd4 Rc2+ 30. Kf1 Bxd4 31. Rxd4 Rc3 32. Bxd5 Rxa3
33. Kg2 Ra1 34. e4 a3 35. Rb4 Nxd5 36. exd5 Ke7 37. Rb6 Rd1 38. Ra6 Rd3 39. h4
Kd7 40. f3 Rd2+ 41. Kg3 a2 42. f5 gxf5 43. Kf4 f6 44. Ke3 Rh2 45. h5 Ke7 46.
Kf4 Kd7 47. h6 Rf2 48. Ke3 Rh2 49. Kf4 Rf2 50. Ke3 Rh2 1/2-1/2

[Event "Beijing FIDE GP"]
[Site "Beijing"]
[Date "2013.07.12"]
[Round "8"]
[White "Leko, Peter"]
[Black "Kamsky, Gata"]
[Result "1/2-1/2"]
[WhiteElo "2737"]
[BlackElo "2763"]
[PlyCount "86"]
[EventDate "2013.07.04"]
[EventType "tourn"]
[EventRounds "11"]
[EventCountry "CHN"]
[EventCategory "21"]
[SourceTitle "CBM 156"]
[Source "ChessBase"]
[SourceDate "2013.09.17"]
[SourceVersion "1"]
[SourceVersionDate "2013.09.17"]
[SourceQuality "1"]

1. e4 c6 2. d4 d5 3. Nc3 g6 4. h3 dxe4 5. Nxe4 Bg7 6. Nf3 Nd7 7. Bc4 Ngf6 8.
Nxf6+ Nxf6 9. O-O O-O 10. Re1 b6 11. Ne5 Bb7 12. Bg5 Nd5 13. Bh4 Rc8 14. Qf3 g5
15. Bg3 e6 16. Bb3 Qf6 17. Qh5 Nf4 18. Bxf4 Qxf4 19. c3 Qh4 20. Qxh4 gxh4 21.
Re4 c5 22. Rxh4 cxd4 23. cxd4 Bxe5 24. dxe5 Rfd8 25. Re1 Rd2 26. Rf4 Rc5 27.
Re3 Bd5 28. Bxd5 Rcxd5 29. Rg3+ Kf8 30. Rgf3 Rd7 31. Rh4 Rxb2 32. a3 Re2 33.
Rxh7 Rxe5 34. Rh8+ Kg7 35. Rb8 Re4 36. g4 Red4 37. Ra8 Rd3 38. Rxd3 Rxd3 39.
Rxa7 Rxh3 40. Kg2 Rb3 41. a4 Ra3 42. Ra6 Kg6 43. Rxb6 Rxa4 1/2-1/2

[Event "Beijing FIDE GP"]
[Site "Beijing"]
[Date "2013.07.14"]
[Round "9"]
[White "Kamsky, Gata"]
[Black "Karjakin, Sergey"]
[Result "1/2-1/2"]
[WhiteElo "2763"]
[BlackElo "2776"]
[PlyCount "103"]
[EventDate "2013.07.04"]
[EventType "tourn"]
[EventRounds "11"]
[EventCountry "CHN"]
[EventCategory "21"]
[SourceTitle "CBM 156"]
[Source "ChessBase"]
[SourceDate "2013.09.17"]
[SourceVersion "1"]
[SourceVersionDate "2013.09.17"]
[SourceQuality "1"]

1. d4 Nf6 2. Nf3 e6 3. Bf4 c5 4. e3 b6 5. h3 Bb7 6. c3 Nc6 7. Nbd2 d5 8. Ne5
Nxe5 9. dxe5 Nd7 10. h4 h5 11. Qf3 Qc7 12. Qg3 O-O-O 13. Nf3 c4 14. Be2 Nc5 15.
Nd4 a6 16. Rc1 Ne4 17. Qh2 Be7 18. f3 Nc5 19. b4 cxb3 20. axb3 b5 21. Bg5 Bxg5
22. hxg5 g6 23. b4 Na4 24. O-O Kb8 25. Rc2 Rc8 26. Rfc1 Qe7 27. Qh4 Rc7 28. f4
Rhc8 29. Qe1 Qf8 30. Kh2 Qe7 31. Bd3 Qf8 32. Ne2 Rc6 33. Nd4 R6c7 34. Ne2 Rc6
35. Ra1 Qd8 36. Ra3 Qb6 37. Nd4 R6c7 38. Qa1 Bc6 39. Kg1 Bd7 40. Kf2 Be8 41.
Rb3 Bd7 42. Qe1 Be8 43. Kg3 Bd7 44. Qd2 Bc6 45. Ra3 Bb7 46. Rc1 Ba8 47. Be2 Bc6
48. Kh2 Be8 49. Rb3 Bd7 50. Ra3 Be8 51. Rb3 Bd7 52. Ra3 1/2-1/2

[Event "Beijing FIDE GP"]
[Site "Beijing"]
[Date "2013.07.15"]
[Round "10"]
[White "Kamsky, Gata"]
[Black "Ivanchuk, Vassily"]
[Result "1-0"]
[WhiteElo "2763"]
[BlackElo "2733"]
[PlyCount "67"]
[EventDate "2013.07.04"]
[EventType "tourn"]
[EventRounds "11"]
[EventCountry "CHN"]
[EventCategory "21"]
[SourceTitle "CBM 156"]
[Source "ChessBase"]
[SourceDate "2013.09.17"]
[SourceVersion "1"]
[SourceVersionDate "2013.09.17"]
[SourceQuality "1"]

1. d4 Nf6 2. Nf3 e6 3. Bf4 d5 4. e3 Bd6 5. Bg3 O-O 6. c4 c5 7. cxd5 Nxd5 8. Bc4
Nc6 9. Bxd5 exd5 10. Nc3 c4 11. Ne5 Ne7 12. O-O Bb4 13. a3 Bxc3 14. bxc3 f6 15.
Nf3 Bg4 16. a4 Nc6 17. h3 Bh5 18. Qb1 Bxf3 19. gxf3 Na5 20. Qf5 Nb3 21. Ra2 Qa5
22. Bd6 Rf7 23. Bb4 Qd8 24. e4 a5 25. Ba3 Qd7 26. Qxd7 Rxd7 27. Re1 b5 28. axb5
Rb8 29. exd5 Rxd5 30. Re7 Rbxb5 31. Rc7 Rg5+ 32. Kf1 Rbf5 33. Re2 h6 34. h4 1-0